Every Eurovision Song Of The 1960s - Statistics

General Stats
  • This quiz has been taken 48 times
  • The average score is 89 of 163
Answer Stats
Year Country Artist Answer % Correct
1968 United Kingdom Cliff Richard Congratulations
100%
1967 United Kingdom Sandie Shaw Puppet on a String
100%
1969 United Kingdom Lulu Boom Bang-a-Bang
96%
1968 Spain Massiel La, la, la
96%
1966 Austria Udo Jürgens Merci Chérie
96%
1965 Luxembourg France Gall Poupée de cire, poupée de son
96%
1960 France Jacqueline Boyer Tom Pillibi
96%
1963 Denmark Grethe & Jørgen Ingmann Dansevise
92%
1969 Netherlands Lenny Kuhr De troubadour
92%
1965 United Kingdom Kathy Kirby I Belong
92%
1964 Italy Gigliola Cinquetti Non ho l'età
92%
1969 France Frida Boccara Un jour, un enfant
92%
1962 France Isabelle Aubret Un premier amour
92%
1969 Spain Salomé Vivo cantando
92%
1962 Netherlands De Spelbrekers Katinka
88%
1960 United Kingdom Bryan Johnson Looking High, High, High
88%
1969 Monaco Jean-Jacques Maman, Maman
88%
1969 Germany Siw Malmkvist Primaballerina
88%
1962 United Kingdom Ronnie Carroll Ring-A-Ding Girl
88%
1966 United Kingdom Kenneth McKellar A Man Without Love
83%
1961 United Kingdom The Allisons Are You Sure?
83%
1967 Monaco Minouche Barelli Boum-badaboum
83%
1968 Yugoslavia Lući Kapurso & Hamo Hajdarhodžić Jedan dan
83%
1967 Luxembourg Vicky L'amour est bleu
83%
1961 Luxembourg Jean-Claude Pascal Nous les amoureux
83%
1966 Sweden Lill Lindfors & Svante Thuresson Nygammal vals
83%
1968 Norway Odd Børre Stress
83%
1963 Sweden Monica Zetterlund En gång i Stockholm
79%
1961 Spain Conchita Bautista Estando contigo
79%
1964 United Kingdom Matt Monro I Love the Little Things
79%
1969 Belgium Louis Neefs Jennifer Jennings
79%
1968 France Isabelle Aubret La Source
79%
1962 Spain Victor Balaguer Llámame
79%
1963 Germany Heidi Brühl Marcel
79%
1964 Portugal António Calvário Oração
79%
1967 Portugal Eduardo Nascimento O vento mudou
79%
1965 Spain Conchita Bautista Qué bueno, qué bueno
79%
1963 United Kingdom Ronnie Carroll Say Wonderful Things
79%
1963 Switzerland Esther Ofarim T'en vas pas
79%
1965 Sweden Ingvar Wixell Absent Friend
75%
1961 Italy Betty Curtis Al di là
75%
1960 Germany Wyn Hoop Bonne Nuit, Ma Chérie!
75%
1963 Yugoslavia Vice Vukov Brodovi
75%
1969 Portugal Simone de Oliveira Desfolhada portuguesa
75%
1967 Ireland Sean Dunphy If I Could Choose
75%
1966 Norway Åse Kleveland Intet er nytt under solen
75%
1963 Norway Anita Thallaug Solhverv
75%
1968 Portugal Carlos Mendes Verão
75%
1960 Norway Nora Brockstedt Voi-voi
75%
1966 Spain Raphael Yo soy aquél
75%
1961 Denmark Dario Campeotto Angelique
71%
1961 Sweden Lill Babs April, april
71%
1969 Switzerland Paola del Medico Bonjour, Bonjour
71%
1964 Spain Los TNT Caracola
71%
1966 Italy Domenico Modugno Dio, come ti amo
71%
1962 Monaco François Deguelt Dis rien
71%
1968 Germany Wencke Myhre Ein Hoch der Liebe
71%
1969 Sweden Tommy Körberg Judy, min vän
71%
1968 Netherlands Ronnie Tober Morgen
71%
1962 Luxembourg Camillo Felgen Petit bonhomme
71%
1969 Yugoslavia Ivan & M's Pozdrav svijetu
71%
1964 Norway Arne Bendiksen Spiral
71%
1962 Finland Marion Rung Tipi-tii
71%
1964 Austria Udo Jürgens Warum nur, warum?
71%
1963 Spain José Guardiola Algo prodigioso
67%
1965 Yugoslavia Vice Vukov Čežnja
67%
1963 Netherlands Annie Palmen Een speeldoos
67%
1963 France Alain Barrière Elle était si jolie
67%
1966 Netherlands Milly Scott Fernando en Philippo
67%
1967 Spain Raphael Hablemos del amor
67%
1964 Switzerland Anita Traversi I miei pensieri
67%
1965 Norway Kirsti Sparboe Karusell
67%
1963 Monaco Françoise Hardy L'amour s'en va
67%
1964 France Rachel Le Chant de Mallory
67%
1969 Norway Kirsti Sparboe Oj, oj, oj, så glad jeg skal bli
67%
1961 France Jean-Paul Mauric Printemps, avril carillonne
67%
1960 Italy Renato Rascel Romantica
67%
1965 Portugal Simone de Oliveira Sol de inverno
67%
1962 Sweden Inger Berggren Sol och vår
67%
1967 Sweden Östen Warnerbring Som en dröm
67%
1961 Norway Nora Brockstedt Sommer i Palma
67%
1968 Austria Karel Gott Tausend Fenster
67%
1963 Italy Emilio Pericoli Uno per tutte
67%
1962 Denmark Ellen Winther Vuggevise
67%
1964 Yugoslavia Sabahudin Kurt Život je sklopio krug
67%
1966 Monaco Tereza Bien plus fort
63%
1960 Monaco François Deguelt Ce Soir-là
63%
1968 Ireland Pat McGeegan Chance of a Lifetime
63%
1960 Switzerland Anita Traversi Cielo E Terra
63%
1966 Ireland Dickie Rock Come Back to Stay
63%
1967 Norway Kristi Sparboe Dukkemann
63%
1965 Ireland Butch Moore I'm Walking the Streets in the Rain
63%
1968 Finland Kristina Hautala Kun kello käy
63%
1962 Switzerland Jean Philippe Le Retour
63%
1965 France Guy Mardel N'avoue jamais
63%
1965 Germany Ulla Wiesner Paradies, wo bist du
63%
1967 Switzerland Géraldine Quel cœur vas-tu briser ?
63%
1967 Netherlands Thérèse Steinmetz Ring-dinge
63%
1969 Ireland Muriel Day and the Lindsays The Wages of Love
63%
1962 Belgium Fud Leclerc Ton nom
63%
1966 Belgium Tonia Un peu de poivre, un peu de sel
63%
1967 Yugoslavia Lado Leskovar Vse rože sveta
63%
1962 Germany Conny Froboess Zwei kleine Italiener
63%
1966 France Dominique Walter Chez nous
58%
1967 France Noëlle Cordier Il doit faire beau là-bas
58%
1962 Austria Eleonore Schwarz Nur in der Wiener Luft
58%
1967 Germany Inge Brück Anouschka
54%
1966 Yugoslavia Berta Ambroz Brez besed
54%
1962 Yugoslavia Lola Novaković Ne pali svetla u sumrak
54%
1961 Austria Jimmy Makulis Sehnsucht
54%
1962 Italy Claudio Villa Addio, addio
50%
1966 Portugal Magdalena Iglesias Ele e ela
50%
1960 Belgium Fud Leclerc Mon Amour Pour Toi
46%
1965 Switzerland Yovanna Non, à jamais sans toi
46%
1961 Belgium Bob Benny September, Gouden Roos
46%
1963 Luxembourg Nana Mouskouri À force de prier
42%
1963 Finland Laila Halme Muistojeni laulu
42%
1964 Monaco Romuald Où sont-elles passées?
42%
1968 Sweden Claes-Göran Hederström Det börjar verka kärlek, banne mej
38%
1961 Switzerland Franca di Rienzo Nous aurons demain
38%
1968 Belgium Claude Lombard Quand tu reviendras
33%
1964 Luxembourg Hugues Aufray Dès que le printemps revient
29%
1961 Yugoslavia Ljiljana Petrović Neke davne zvezde
25%
1968 Monaco Line & Willy À chacun sa chanson
21%
1965 Finland Viktor Klimenko Aurinko laskee länteen
21%
1963 Belgium Jacques Raymond Waarom?
21%
1969 Luxembourg Romuald Catherine
17%
1969 Finland Jarkko & Laura Kuin silloin ennen
17%
1960 Sweden Siw Malmkvist Alla Andra Får Varann
13%
1965 Denmark Birgit Brüel For din skyld
13%
1968 Italy Sergio Endrigo Marianne
13%
1966 Switzerland Madeleine Pascal Ne vois-tu pas ?
13%
1966 Finland Ann Christine Nyström Play boy
13%
1966 Luxembourg Michèle Torr Ce soir je t'attendais
8%
1960 Denmark Katy Bødtger Det Var En Yndig Tid
8%
1964 Netherlands Anneke Grönloh Jij bent mijn leven
8%
1964 Finland Lasse Mårtenson Laiskotellen
8%
1967 Italy Claudio Villa Non andare più lontano
8%
1960 Luxembourg Camillo Felgen So Laang We's Du Do Bast
8%
1966 Denmark Ulla Pia Stop, mens legen er go'
8%
1961 Netherlands Greetje Kauffeld Wat een dag
8%
1966 Germany Margot Eskens Die Zeiger der Uhr
4%
1969 Italy Iva Zanicchi Due grosse lacrime bianche
4%
1968 Switzerland Gianni Mascolo Guardando il sole
4%
1965 Netherlands Conny Van den Bos Het is genoeg
4%
1967 Belgium Louis Neefs Ik heb zorgen
4%
1962 Norway Inger Jacobsen Kom sol, kom regn
4%
1964 Germany Nora Nova Man gewöhnt sich so schnell an das Schöne
4%
1968 Luxembourg Chris Baldo & Sophie Garel Nous vivrons d'amour
4%
1964 Belgium Robert Cogoi Près de ma rivière
4%
1965 Austria Udo Jürgens Sag ihr, ich lass sie grüßen
4%
1964 Denmark Bjørn Tidmand Sangen om dig
4%
1965 Italy Bobby Solo Se piangi, se ridi
4%
1965 Monaco Marjorie Noël Va dire à l'amour
4%
1961 Finland Laila Kinnunen Valoa ikkunassa
4%
1967 Finland Fredi Varjoon-suojaan
4%
1967 Austria Peter Horten Warum es hunderttausend Sterne gibt
4%
1960 Netherlands Rudi Carrell Wat Een Geluk
4%
1961 Monaco Colette Dereal Allons, allons les enfants
0%
1965 Belgium Lize Marke Als het weer lente is
0%
1960 Austria Harry Winter Du Hast Mir So Fasziniert
0%
1961 Germany Lale Andersen Einmal sehen wir uns wieder
0%
1963 Austria Carmela Corren Vielleicht geschieht ein Wunder
0%
No matching quizzes found
Score Distribution
Percent of People with Each Score
Percentile by Number Answered
Your Score History
You have not taken this quiz